Nhập môn cơ sở dữ liệu

Uloženo v:
Podrobná bibliografie
Hlavní autor: Trần Thành Trai
Médium: Kniha
Jazyk:Undetermined
Vydáno: Tp. HCM Trẻ 1996
Témata:
Tagy: Přidat tag
Žádné tagy, Buďte první, kdo otaguje tento záznam!
Thư viện lưu trữ: Trung tâm Học liệu Trường Đại học Cần Thơ
LEADER 00520nam a2200169Ia 4500
001 CTU_5063
008 210402s9999 xx 000 0 und d
082 |a 005.73 
082 |b Tr103 
100 |a Trần Thành Trai 
245 0 |a Nhập môn cơ sở dữ liệu 
245 0 |c Trần Thành Trai 
260 |a Tp. HCM 
260 |b Trẻ 
260 |c 1996 
650 |a electronic data processing,programming languages ( electronic computers ) 
980 |a Trung tâm Học liệu Trường Đại học Cần Thơ